| 000 | 01326cam a2200253 4500 | ||
|---|---|---|---|
| 001 | ##L132167 | ||
| 008 | 060117n2005 000 0 eng u | ||
| 020 | _a1860817610 | ||
| 035 | _a(Sirsi) u132167 | ||
| 041 | 0 | _aeng | |
| 050 | 0 | 4 | _a614.76 $2 18 |
| 100 | 1 | _aMoulinier, F. | |
| 245 | 0 | 0 | _aUsing small volume waste in construction |
| 260 |
_aWatford _bBRE _c2005 |
||
| 300 |
_a8p. _bill _c30cm. |
||
| 490 | 0 |
_aBRE Information Paper _vIP 9/05 |
|
| 520 | _aExamines the non-technical barriers to using small volume wastes as raw materials in construction. For the purpose of the project, small volume waste is defined as a material with a UK-wide, total annual production of less than 500 000 tonnes. Special emphasis was placed on materials with potential applications in cementitious products, aggregates, fill and hardcore. Locations, tonnages, and current and potential uses of a range of small volume wastes were identified. The paper also describes the barriers to their use and proposes strategies to overcome them. | ||
| 590 | _aIKA170106 | ||
| 690 | _aBUILT ENVIRONMENT-BUILDING ELEMENTS-COMPLETE BUILDING SERVICES ELEMENTS-COMPLETE WASTE REMOVAL AND DISPOSAL SYSTEMS | ||
| 700 | 1 | _aDunster, A. M. | |
| 700 | 1 | _aHarrex, R. M. | |
| 710 | 2 |
_aUnited Kingdom _bDepartment of Trade and Industry |
|
| 942 | _n0 | ||
| 999 |
_c105047 _d105047 |
||